| 000 | 01741nam a22003617a 4500 | ||
|---|---|---|---|
| 003 | DO-SdBNP | ||
| 005 | 20220127134356.0 | ||
| 007 | ta | ||
| 008 | 211006b2019 dr ||||| |||| 00| j spa d | ||
| 020 | _a9789945503555 | ||
| 040 |
_aDO-SdBNP _bspa _cBNPHU |
||
| 082 | 4 | _222 | |
| 245 | 0 | 0 |
_aRueca y otros cuentos premiados / _cJesús Marrero, Elbys Manuel Paulino, Yirbett Josep Veloz, Elisaury Suárez, Mildred de los Santos, Ariel Ortiz Pérez, Maggie Salazar ; diseño : Elizabeth López Rosario ; diagramación y arte final : Amado Santana. |
| 260 |
_aSanto Domingo : _bNacional, _c2019. |
||
| 300 |
_a59 p. ; _c21 cm. |
||
| 490 | 1 | _aNarrativa | |
| 500 | _aJurado: Ismael Melo, Emelda Ramos y Gabriel Llanos. | ||
| 505 | 0 |
_aPremio -- _tRueca / _rJesús Marrero -- _tMenciones _tDe cómo dos granos de polen labraron la noche / _rElbys Manuel Paulino -- _t3:46 / _rElbys Manuel Paulino -- _tUn grito de agua / _rYirbett Josep Veloz _tLa luz que cae / _rElisaury Suárez -- _tUno de vainilla. Donna Black / _rMildred de los Santos -- _t La última visita / _rAriel Ortiz Pérez -- _tHuellas por otro camino / _rMaggie Salazar. |
|
| 586 | _aPremio Joven de Cuento Feria Internacional del Libro 2018 | ||
| 590 | _aInventariado, 2021 /LP | ||
| 700 | 1 |
_aMarrero, Jesús, _d1992- _980124 |
|
| 700 | 1 |
_aPaulino, Elbys Manuel _980125 |
|
| 700 | 1 |
_aVeloz, Yirbett Josep _980126 |
|
| 700 | 1 |
_aSuárez, Elisaury _980127 |
|
| 700 | 1 |
_aSantos, Mildred de los _980128 |
|
| 700 | 1 |
_aOrtiz Pérez, Ariel _943130 |
|
| 700 | 1 |
_aSalazar, Maggie _980129 |
|
| 700 | 1 |
_aLópez Rosario, Elizabeth, _ediseño _977836 |
|
| 700 | 1 |
_aSantana, Amado, _ediagramación y arte final _97207 |
|
| 830 | 0 |
_aNarrativa _911366 |
|
| 910 | _aLopérez | ||
| 942 |
_2ddc _cLBS1 |
||
| 999 |
_c50712 _d50712 |
||